000 01108nam a22002417a 4500
003 OSt
005 20250911170343.0
008 240223b ||||| |||| 00| 0 eng d
040 _c0
082 _aDPer 621.317 Ie21 May 2022 v. 37 n. 5
100 _aBarzegarkhoo, Reza.
_eauthor.
_953244
245 _aNine-level nine-switch common-ground switched-capacitor inverter suitable for high-frequency AC-microgrid applications /
_cReza Barzegarkhoo, Majid Farhangi, Sze Sing Lee, Ricardo P. Aguilera, Yam P. Siwakoti, and Josep Pou.
260 _aNew York ;
_bThe Institute of Electrical and Electronics Engineers, Inc. ,
_cMay 2022.
300 _aVolume 37, pages 6132-6143 :
_billustration ;
_c28 cm.
500 _aIEEE Transactions on Power Electronics, vol. 37, no. 5, pages 6132-6143, May 2022.
700 _aBarzegarkhoo, Reza.
_eauthor.
_953244
700 _aFarhangi, Majid.
_eauthor.
_953245
700 _aLee, Sze Sing.
_eauthor.
_953246
700 _aAguilera, Ricardo P.
_eauthor.
_953247
700 _aSiwakoti, Yam P.
_eauthor.
_953248
700 _aPou, Josep.
_eauthor.
_953249
942 _2ddc
_cPER
999 _c19337
_d19337